Statistics for 黑龙江省地图 Heilongjiang Map Quiz

Click here to take the quiz!

General Stats

  • This quiz has been taken 1 777 times
  • The average score is 11 of 13

Answers on the Map

Answers color-coded by a green-red scale on the quiz's map according to % correct below.
 

Answer Stats

区划% Correct
哈尔滨市
99%
齐齐哈尔市
91%
大兴安岭地区
90%
黑河市
88%
大庆市
85%
佳木斯市
84%
牡丹江市
81%
鸡西市
80%
双鸭山市
79%
鹤岗市
79%
七台河市
75%
伊春市
65%
绥化市
65%

Score Distribution

Percentile by Number Answered

Percent of People with Each Score

Your Score History

You have not taken this quiz